=LDR 00000nam 2200000 4500 =001 INLIS000000000017413 =005 20250516022309 =035 ##$$a 0010-061300000017413 =008 250516################g##########0#ind## =041 ##$$a Ind =082 ##$$a R.616.936 =090 ##$$a R.616.936, Jef a =100 ##$$a Jeffrey, H.C =245 1#$$a Atlas helmintologi dan protozoologi kedokteran /$c H.C Jeffrey ; alih bahasa, Soedarto =260 ##$$a Jakarta :$b EGC,$c 1993 =300 ##$$a vii, 77 hlm. : $b ilus. ; $c 32 x 21 cm. =650 #4$$a Protozoologi Kedokteran - Atlas =850 ##$$a NBPNMAT =020 ##$$a 979-448-210-2 =084 ##$$a R.616.936 JEF a =250 ##$$a Edisi 3 =500 ##$$a Indeks hlm. 77 =700 #$$a Soedarto =990 ##$$a 20600885 =990 ##$$a 20600886 =990 ##$$a 20600887 =990 ##$$a 20600888 =990 ##$$a 0001/BPAP-NTB/20142014 =990 ##$$a 20600885 =990 ##$$a 20600885 =990 ##$$a 20600886 =990 ##$$a 20600886 =990 ##$$a 20600887 =990 ##$$a 20600887 =990 ##$$a 20600888 =990 ##$$a 20600888 =990 ##$$a 0001/BPAP-NTB/20142014 =990 ##$$a 0001/BPAP-NTB/20142014 =990 ##$$a 20600886 =990 ##$$a 20600885 =990 ##$$a 20600887 =990 ##$$a 20600888 =990 ##$$a 0001/BPAP-NTB/20142014 =990 ##$$a 20600887 =990 ##$$a 20600885 =990 ##$$a 20600886 =990 ##$$a 20600888 =990 ##$$a 0001/BPAP-NTB/20142014 =990 ##$$a 07430743 =990 ##$$a 07430743 =990 ##$$a 07430743 =990 ##$$a 07430743 =990 ##$$a 07430743 =990 ##$$a 20601809 =990 ##$$a 20600885 =990 ##$$a 20600886 =990 ##$$a 20600887 =990 ##$$a 20600888 =990 ##$$a 0001/BPAP-NTB/20142014 =990 ##$$a 1200603495 =990 ##$$a 1200603496 =990 ##$$a 1200603497 =990 ##$$a 1200603498 =990 ##$$a 20601623 =990 ##$$a 20600885 =990 ##$$a 20600886 =990 ##$$a 20600887 =990 ##$$a 20600888 =990 ##$$a 0001/BPAP-NTB/20142014 =990 ##$$a 20601809 =990 ##$$a 20601624 =990 ##$$a 20601623 =990 ##$$a 20600885 =990 ##$$a 20600886 =990 ##$$a 20600887 =990 ##$$a 20600888 =990 ##$$a 0001/BPAP-NTB/20142014 =990 ##$$a 20601809 =990 ##$$a 20601626 =990 ##$$a 20601623 =990 ##$$a 20601624 =990 ##$$a 20600885 =990 ##$$a 20600886 =990 ##$$a 20600887 =990 ##$$a 20600888 =990 ##$$a 0001/BPAP-NTB/20142014 =990 ##$$a 20601809 =990 ##$$a 20601625 =990 ##$$a 20601623 =990 ##$$a 20601624 =990 ##$$a 20601626 =990 ##$$a 20600885 =990 ##$$a 20600886 =990 ##$$a 20600887 =990 ##$$a 20600888 =990 ##$$a 0001/BPAP-NTB/20142014 =990 ##$$a 20601809 =990 ##$$a 35003500 =990 ##$$a 35003500 =990 ##$$a 20601808 =990 ##$$a 20601623 =990 ##$$a 20601624 =990 ##$$a 20601625 =990 ##$$a 20601626 =990 ##$$a 20600885 =990 ##$$a 20600886 =990 ##$$a 20600887 =990 ##$$a 20600888 =990 ##$$a 0001/BPAP-NTB/20142014 =990 ##$$a 20601809 =990 ##$$a 1200603496 =990 ##$$a 20601807 =990 ##$$a 20601623 =990 ##$$a 20601624 =990 ##$$a 20601625 =990 ##$$a 20601626 =990 ##$$a 20600885 =990 ##$$a 20600886 =990 ##$$a 20600887 =990 ##$$a 20600888 =990 ##$$a 0001/BPAP-NTB/20142014 =990 ##$$a 20601809 =990 ##$$a 20601808